| 000 | 00461nam a22001577a 4500 | ||
|---|---|---|---|
| 003 | OSt | ||
| 005 | 20260323104451.0 | ||
| 008 | 260323b |||||||| |||| 00| 0 eng d | ||
| 020 | _a9789354665066 | ||
| 040 | _cIIMT UNIVERSITY, MEERUT | ||
| 100 | _aSharma V.D. | ||
| 245 | _aPharmacotherapeutics Practical Notebook For Second Year Diploma In Pharmacy | ||
| 260 |
_aNEW DELHI _b CBS Publishers & Distributors Pvt. Ltd. _c2024 |
||
| 300 | _a133 | ||
| 942 |
_2ddc _c01 |
||
| 999 |
_c67363 _d67363 |
||